Les 10 plus grandes villes du Centre-Val de Loire sur une carte. - Statistiques

Statistiques générales
  • Ce quiz a été pris 2 266 fois
  • Le résultat moyen est 7 sur 10
Réponses sur la Carte
Les réponses sont colorées sur une échelle allant du rouge au vert en fonction du pourcentage des utilisateurs qui les ont devinées à leur premier essai. Vous pouvez retrouver ces pourcentages ci-dessous.
 
Statistiques - réponses
Population Ville % Correct
116 238 Orléans
98%
136 463 Tours
96%
45 871 Blois
86%
64 668 Bourges
86%
38 426 Chartres
83%
43 442 Chateauroux
82%
30 664 Dreux
55%
25 725 Vierzon
53%
38 250 Joué-lès-Tours
48%
22 168 Olivet
30%
Aucun quiz correspondant
Distribution des résultats
% des personnes avec chaque résultat
Percentile par nombre de réponses
Votre historique - résultats
Vous n’avez pas pris ce quiz